000 00826nam a22002417a 4500
005 20170501112351.0
010 _aENG-107511
020 _a9788122202182
_c175.00
035 _aEN-91044
035 _aB-527993-005
035 _aB-667560
037 _bDBAD/PUB
037 _bKBD/Ven
_adpl
082 _aS
100 _aAnand, Mulk Raj
245 _aThings have a way of working out and other stories /
_cby Mulk Raj Anand
260 _aNew Delhi
_bOrient Paperbacks
_c2013
270 _a5A/8 Ansari Road
_bNew Delhi
_e110002
300 _a136p.
_c22cm(pbk)
942 _2ddc
_cEN
_hS
_mANA
999 _c76445
_d76445